000
00228 a2200097 4500
001
30443
100
_a
Flesch, Rudolf
245
_a
The Art of Plain Talk
260
_a
London
_b
Harper and Row Publisher
_c
090
_c
20387
_d
20387
942
_a
NUST-CAE
_c
M
_c
11544
999
_c
265516
_d
265516